[Event "Open"]
[Site "Vercelli ITA"]
[Date "2014.06.13"]
[Round "1"]
[White "Avetta, Gianmario"]
[Black "Borin, Fabio"]
[WhiteElo "1710"]
[BlackElo "2104"]
[Result "0-1"]
[PlyCount "76"]
[EventDate "2014.06.13"]

1. d4 d6 2. c4 e5 3. e3 Nd7 4. Nc3 Ngf6 5. Bd3 g6 6. Nge2 Bg7 7. Qc2 O-O 8. O-O
Re8 9. b3 b6 10. Bb2 Bb7 11. Ng3 Qe7 12. dxe5 Nxe5 13. Rad1 Nfg4 14. Be2 Qh4
15. Bxg4 Nxg4 16. h3 Nxe3 17. fxe3 Qxg3 18. Nd5 Bxd5 19. Rxd5 Qxe3+ 20. Rf2
Qe1+ 21. Kh2 Be5+ 22. Bxe5 Rxe5 23. Rd1 Qe4 24. Qd2 Qe3 25. Qb2 Rae8 26. Rdd2
Rg5 27. Rde2 Qg3+ 28. Kh1 Rge5 29. Qd2 Rxe2 30. Rxe2 Rxe2 31. Qxe2 Qe5 32. Qd2
c6 33. Kg1 d5 34. cxd5 cxd5 35. Kf2 Kf8 36. Qb4+ Qe7 37. Qd4 Qc5 38. Ke3 Ke7
0-1

[Event "Open"]
[Site "Vercelli ITA"]
[Date "2014.06.13"]
[Round "1"]
[White "Costantino, Gian Franco"]
[Black "Profumo, Alberto"]
[WhiteElo "1779"]
[BlackElo "2256"]
[Result "0-1"]
[PlyCount "48"]
[EventDate "2014.06.13"]

1. Nf3 Nf6 2. g3 d5 3. c4 c6 4. b3 Bf5 5. Bg2 e6 6. Bb2 Be7 7. d3 h6 8. Nbd2
O-O 9. O-O Nbd7 10. a3 a5 11. Re1 Bh7 12. Bc3 Qb6 13. h3 Bc5 14. d4 Be7 15. e4
Bxe4 16. Nxe4 Nxe4 17. Rxe4 dxe4 18. Nd2 f5 19. Nxe4 fxe4 20. Bxe4 Bf6 21. Qg4
Rfe8 22. Rb1 Rab8 23. Bd2 Bg5 24. f4 Nf6 0-1

[Event "Open"]
[Site "Vercelli ITA"]
[Date "2014.06.13"]
[Round "1"]
[White "Gennaro, Isabella"]
[Black "Ninov, Nikolai Ivanov"]
[WhiteElo "1795"]
[BlackElo "2436"]
[Result "0-1"]
[PlyCount "70"]
[EventDate "2014.06.13"]

1. e4 c5 2. Nf3 Nc6 3. d4 cxd4 4. Nxd4 Qc7 5. Nc3 e6 6. Be2 Nf6 7. O-O a6 8.
Kh1 Be7 9. f4 d6 10. Be3 O-O 11. Bf3 Rd8 12. Qe2 Rb8 13. a4 Bd7 14. Nxc6 Bxc6
15. a5 Nd7 16. Ba7 Rbc8 17. Bd4 e5 18. fxe5 dxe5 19. Be3 Bc5 20. Bxc5 Nxc5 21.
Bg4 Rb8 22. Rf5 Rd4 23. Nd5 Qd6 24. Bf3 Nxe4 25. Bxe4 Bxd5 26. Bxd5 Rxd5 27. h3
Rd8 28. Qe4 g6 29. Rf2 f5 30. Qc4 Qc5 31. Qe2 e4 32. Ra3 Rd1+ 33. Kh2 Qe5+ 34.
g3 Qd5 35. Rc3 e3 0-1

[Event "Open"]
[Site "Vercelli ITA"]
[Date "2014.06.13"]
[Round "1"]
[White "Isoardi, Luigi"]
[Black "Yao, Stefano"]
[WhiteElo "1752"]
[BlackElo "2152"]
[Result "0-1"]
[PlyCount "98"]
[EventDate "2014.06.13"]

1. d4 Nf6 2. Nf3 e6 3. c4 d5 4. Nc3 c6 5. e3 Nbd7 6. cxd5 exd5 7. Bd3 Bd6 8.
O-O O-O 9. Bd2 Re8 10. Qc2 Qe7 11. Rad1 Ne4 12. Bc1 Ndf6 13. h3 Bd7 14. a4 Kh8
15. Nd2 Rac8 16. Ndxe4 dxe4 17. Be2 Bb8 18. f4 exf3 19. Bxf3 Qd6 20. Kf2 Qg3+
21. Ke2 Be6 22. b3 Bd5 23. Nxd5 cxd5 24. Qf5 Rc3 25. Rd3 Rc2+ 26. Rd2 Rc6 27.
Rc2 Rce6 28. Rc3 g6 29. Qc2 Bf4 30. Rc8 Qg5 31. Rxe8+ Rxe8 32. Qd3 Kg7 33. Bd2
h5 34. Rc1 Qg3 35. Kd1 Bh6 36. Qe2 Qh2 37. Rc5 b6 38. Rc3 Qd6 39. Kc2 Qe6 40.
Kb1 Qf5+ 41. Qd3 Ne4 42. Bxe4 Rxe4 43. Rc7 Qf2 44. Rd7 Qg1+ 45. Kc2 Qxg2 46.
Rxd5 Rxe3 47. Qc4 Re2 48. Kc3 Bxd2+ 49. Kd3 Qe4# 0-1

[Event "Open"]
[Site "Vercelli ITA"]
[Date "2014.06.13"]
[Round "1"]
[White "Ljubisavljevic, Zivojin Z."]
[Black "Pedoni, Lorenzo"]
[WhiteElo "2138"]
[BlackElo "1727"]
[Result "1-0"]
[PlyCount "79"]
[EventDate "2014.06.13"]

1. c4 e5 2. Nc3 Nc6 3. g3 Nf6 4. Bg2 Bc5 5. e3 d6 6. Na4 Bb6 7. a3 Be6 8. Nxb6
axb6 9. b3 O-O 10. Bb2 d5 11. d3 Re8 12. Ne2 d4 13. e4 h6 14. O-O Qd7 15. f4
Bh3 16. Bc1 Bxg2 17. Kxg2 Rad8 18. h3 exf4 19. gxf4 Qe7 20. Ng3 Nd7 21. Nf5 Qf6
22. Qg4 Nc5 23. Qd1 Ra8 24. Ng3 Nb4 25. axb4 Rxa1 26. bxc5 bxc5 27. e5 Qc6+ 28.
Ne4 Re6 29. Qf3 Rg6+ 30. Kh2 Ra2+ 31. Rf2 Ra1 32. f5 Rxc1 33. fxg6 Qxg6 34. Rg2
Qe6 35. Qg3 g6 36. Nxc5 Qf5 37. Rf2 Qc8 38. e6 fxe6 39. Qxg6+ Kh8 40. Qxh6+ 1-0

[Event "Open"]
[Site "Vercelli ITA"]
[Date "2014.06.13"]
[Round "1"]
[White "Mattavelli, Italo"]
[Black "Gromovs, Sergejs"]
[WhiteElo "1773"]
[BlackElo "2196"]
[Result "0-1"]
[PlyCount "110"]
[EventDate "2014.06.13"]

1. e4 c5 2. c3 Nf6 3. e5 Nd5 4. Nf3 d6 5. d4 cxd4 6. cxd4 Nc6 7. Bc4 Nb6 8. Bb5
a6 9. Be2 Bg4 10. exd6 Qxd6 11. O-O e6 12. Nc3 Be7 13. Be3 O-O 14. Rc1 Rad8 15.
Qb3 Na5 16. Qc2 Nac4 17. Ng5 Bf5 18. Nge4 Nxe3 19. fxe3 Qb8 20. Qb3 Qa7 21. Ng3
Bg6 22. Bf3 Rd7 23. Nce2 a5 24. Nf4 Bg5 25. Nge2 Qa6 26. a4 Nd5 27. Nxd5 exd5
28. Nf4 Bxf4 29. exf4 Qf6 30. Qe3 Re7 31. Qd2 Be4 32. Rce1 Rc8 33. Bxe4 Rxe4
34. Rxe4 dxe4 35. Re1 Re8 36. g3 Qd6 37. Qc3 f5 38. Kf2 b6 39. Ke3 Qh6 40. Re2
Qh5 41. Rf2 Qd1 42. Qc2 Qe1+ 43. Qe2 Qb4 44. Qc2 Kf7 45. Rd2 Re7 46. b3 Qd6 47.
Qc4+ Kg6 48. Rc2 Re6 49. Qe2 Qb4 50. Qc4 Qe1+ 51. Qe2 Qg1+ 52. Qf2 Qb1 53. Rc3
b5 54. Qc2 Qe1+ 55. Qe2 Qxc3+ 0-1

[Event "Open"]
[Site "Vercelli ITA"]
[Date "2014.06.13"]
[Round "1"]
[White "Ranieri, Fabrizio"]
[Black "Alaimo, Cristian"]
[WhiteElo "2282"]
[BlackElo "1784"]
[Result "1-0"]
[PlyCount "75"]
[EventDate "2014.06.13"]

1. e4 c5 2. Nf3 Nc6 3. d4 cxd4 4. Nxd4 e5 5. Nf3 Nf6 6. Nc3 Bb4 7. Bc4 O-O 8.
O-O Bxc3 9. bxc3 Nxe4 10. Re1 Nxc3 11. Qd3 d5 12. Bb3 e4 13. Qxc3 exf3 14. Ba3
Re8 15. Bxd5 Be6 16. Bxf3 Qd4 17. Qe3 Qxe3 18. Rxe3 Rac8 19. c3 Na5 20. Bc1 Nc4
21. Re2 b6 22. h3 h6 23. Bf4 g5 24. Bg3 Red8 25. Bg4 Bxg4 26. hxg4 Rd3 27. Re7
a5 28. Rc1 Nd2 29. Be5 Nc4 30. Bd4 Kf8 31. Rce1 Rd2 32. a4 Ra2 33. Rd7 Rxa4 34.
Ree7 Ra1+ 35. Kh2 Nd2 36. Rxf7+ Ke8 37. Rde7+ Kd8 38. Bxb6+ 1-0

[Event "Open"]
[Site "Vercelli ITA"]
[Date "2014.06.13"]
[Round "1"]
[White "Sbarra, Marco"]
[Black "Onida, Davide"]
[WhiteElo "2241"]
[BlackElo "1778"]
[Result "1-0"]
[PlyCount "57"]
[EventDate "2014.06.13"]

1. d4 Nf6 2. c4 e6 3. Nc3 d5 4. Bg5 Be7 5. e3 O-O 6. Nf3 Nbd7 7. Rc1 h6 8. Bh4
c6 9. Bd3 dxc4 10. Bxc4 Nd5 11. Bg3 Nxc3 12. bxc3 b5 13. Bd3 Qa5 14. O-O Ba3
15. Rc2 Ba6 16. Ne5 Nxe5 17. Bxe5 f6 18. Bf4 Qd8 19. Qh5 Qe8 20. Bg6 Qe7 21. e4
Rad8 22. Be3 b4 23. c4 Rb8 24. Rb1 Bc8 25. Rb3 f5 26. Bf4 Rb7 27. Rg3 Qd8 28.
Bxh6 Qxd4 29. Be3 1-0

[Event "Open"]
[Site "Vercelli ITA"]
[Date "2014.06.13"]
[Round "1"]
[White "Schingaro, Angelo"]
[Black "Siclari, Giovanni"]
[WhiteElo "1721"]
[BlackElo "2137"]
[Result "0-1"]
[PlyCount "66"]
[EventDate "2014.06.13"]

1. e4 c5 2. Nf3 e6 3. d4 cxd4 4. Nxd4 Nc6 5. Nc3 Qc7 6. Be3 a6 7. Qd2 Nf6 8. f3
b5 9. O-O-O Bb7 10. Kb1 Bb4 11. g4 Nxd4 12. Qxd4 Bxc3 13. Qxc3 Qxc3 14. bxc3 d5
15. g5 Nd7 16. exd5 Bxd5 17. Be2 Rc8 18. Kb2 Nc5 19. Bxc5 Rxc5 20. Rhf1 Ke7 21.
Rfe1 Rhc8 22. Rd3 Bc4 23. Re3 Bxe2 24. R1xe2 Rxg5 25. f4 Rgc5 26. Kb3 g6 27.
Rh3 h5 28. Rhe3 Rc4 29. Rf2 R8c5 30. h4 Rf5 31. Ref3 Kf6 32. Kb2 Rd5 33. Rd3
Kf5 0-1

[Event "Open"]
[Site "Vercelli ITA"]
[Date "2014.06.13"]
[Round "1"]
[White "Sorcinelli, Francesco"]
[Black "Benazzo, Angelo"]
[WhiteElo "2168"]
[BlackElo "1755"]
[Result "1-0"]
[PlyCount "93"]
[EventDate "2014.06.13"]

1. e4 g6 2. d4 Bg7 3. Nc3 d6 4. Be3 Nd7 5. Qd2 h6 6. f4 e6 7. Nf3 Ne7 8. Bd3 a6
9. O-O f5 10. e5 d5 11. Ne2 O-O 12. Kh1 Kh7 13. Rg1 Rg8 14. h3 Nf8 15. g4 Bd7
16. Rg2 Qe8 17. c3 Bb5 18. Bc2 Bxe2 19. Qxe2 Kh8 20. Rag1 Nh7 21. Qf2 Qf7 22.
Bd3 Bf8 23. Qc2 Bg7 24. b3 Nf8 25. Qf2 Nh7 26. Qe2 Nf8 27. Nd2 Nd7 28. Nf1 Kh7
29. Ng3 Bh8 30. Qc2 Rac8 31. Qf2 c6 32. Qe2 b5 33. Bc1 c5 34. Bb1 cxd4 35. cxd4
Nc6 36. Be3 Nb6 37. g5 Bg7 38. h4 Ne7 39. Bd2 Rh8 40. h5 Kg8 41. gxh6 Rxh6 42.
Rh2 Kf8 43. Bb4 Ke8 44. a4 bxa4 45. Qxa6 Rc6 46. Qb5 Kd7 47. Bxe7 1-0

[Event "Open"]
[Site "Vercelli ITA"]
[Date "2014.06.13"]
[Round "1"]
[White "Sumets, Andrey"]
[Black "Pede, Lucio"]
[WhiteElo "2640"]
[BlackElo "1797"]
[Result "1-0"]
[PlyCount "47"]
[EventDate "2014.06.13"]

1. d4 d5 2. c4 c6 3. Nc3 Bf5 4. cxd5 cxd5 5. Qb3 e6 6. Qxb7 Nd7 7. Bf4 Qc8 8.
Qxc8+ Rxc8 9. e3 Bb4 10. Nge2 Bd3 11. a3 Bxe2 12. axb4 Bxf1 13. Rxf1 Ngf6 14.
Rxa7 O-O 15. Ke2 Nb6 16. Bc7 Nfd7 17. b5 Ra8 18. Rfa1 Rxa7 19. Rxa7 Ra8 20. Rb7
Nc4 21. b3 Nb2 22. b6 h6 23. Ra7 Rf8 24. b7 1-0

[Event "Open"]
[Site "Vercelli ITA"]
[Date "2014.06.13"]
[Round "1"]
[White "Ubezio, Marco"]
[Black "Palma, Maria"]
[WhiteElo "2113"]
[BlackElo "1716"]
[Result "1-0"]
[PlyCount "49"]
[EventDate "2014.06.13"]

1. e4 e5 2. Nf3 Nc6 3. Nc3 Nf6 4. a3 a6 5. d4 exd4 6. Nxd4 Bc5 7. Be3 Nxd4 8.
Bxd4 Bxd4 9. Qxd4 Qe7 10. O-O-O d6 11. h3 Bd7 12. g4 Qe5 13. Qd2 O-O-O 14. f4
Qc5 15. Bg2 Bc6 16. Rhe1 Rhe8 17. Bf3 d5 18. exd5 Rxe1 19. Qxe1 Bd7 20. d6 cxd6
21. g5 Ne8 22. Qe7 Qa7 23. Nd5 Be6 24. Bg4 Bxg4 25. hxg4 1-0

[Event "Open"]
[Site "Vercelli ITA"]
[Date "2014.06.14"]
[Round "2"]
[White "Borin, Fabio"]
[Black "Doromeychuk, Anton"]
[WhiteElo "2104"]
[BlackElo "1833"]
[Result "1-0"]
[PlyCount "53"]
[EventDate "2014.06.13"]

1. d4 d5 2. Bf4 e6 3. e3 Nf6 4. Nd2 c5 5. c3 Bd6 6. Bg3 O-O 7. Bd3 Nc6 8. Ngf3
Re8 9. Ne5 Qc7 10. f4 h6 11. O-O Qb6 12. Rb1 Ne7 13. Bh4 Nd7 14. Nxf7 Kxf7 15.
Qh5+ g6 16. Bxg6+ Nxg6 17. f5 Bxh2+ 18. Kxh2 exf5 19. Qxf5+ Nf6 20. Qxd5+ Re6
21. Bxf6 Ke8 22. Nc4 Qc7+ 23. Kg1 cxd4 24. exd4 Nf4 25. Rxf4 Qxf4 26. Qd8+ Kf7
27. Rf1 1-0

[Event "Open"]
[Site "Vercelli ITA"]
[Date "2014.06.14"]
[Round "2"]
[White "Briata, Federico"]
[Black "Sumets, Andrey"]
[WhiteElo "1966"]
[BlackElo "2640"]
[Result "0-1"]
[PlyCount "50"]
[EventDate "2014.06.13"]

1. e4 c6 2. d4 d5 3. e5 Bf5 4. Nc3 Qb6 5. Nf3 e6 6. Nh4 Bg6 7. Be2 c5 8. dxc5
Bxc5 9. O-O Qd8 10. Nf3 Nc6 11. Bf4 a6 12. Bd3 Bh5 13. Na4 Ba7 14. c4 dxc4 15.
Be4 Nge7 16. Qc2 Bxf3 17. gxf3 Nd4 18. Qxc4 b5 19. Qd3 bxa4 20. Bxa8 Qxa8 21.
Kg2 g5 22. Bg3 h5 23. h3 g4 24. hxg4 hxg4 25. Rh1 gxf3+ 0-1

[Event "Open"]
[Site "Vercelli ITA"]
[Date "2014.06.14"]
[Round "2"]
[White "Bussa, Paolo"]
[Black "Ubezio, Marco"]
[WhiteElo "1830"]
[BlackElo "2113"]
[Result "1/2-1/2"]
[PlyCount "78"]
[EventDate "2014.06.13"]

1. c4 e5 2. g3 Nf6 3. Bg2 h6 4. Nc3 Bb4 5. Qb3 a5 6. a3 Bxc3 7. Qxc3 Qe7 8. b4
axb4 9. axb4 Rxa1 10. Qxa1 Nc6 11. Ba3 Nxb4 12. Bxb4 Qxb4 13. Qxe5+ Kd8 14. Qb5
Qxb5 15. cxb5 d5 16. Nf3 Bd7 17. Ne5 Ke7 18. Nxd7 Kxd7 19. O-O Ra8 20. d3 Ra2
21. e4 Kd6 22. f4 Ng4 23. Rc1 f6 24. d4 dxe4 25. Bxe4 Rb2 26. Bxb7 Rxb5 27. Bf3
Ne3 28. Rc6+ Kd7 29. Rc3 Rb1+ 30. Kf2 Nd1+ 31. Bxd1 Rxd1 32. Ke3 Kd6 33. Rc5
Re1+ 34. Kf3 g6 35. h4 h5 36. f5 Rf1+ 37. Ke4 Re1+ 38. Kf4 Rf1+ 39. Ke4 Re1+
1/2-1/2

[Event "Open"]
[Site "Vercelli ITA"]
[Date "2014.06.14"]
[Round "2"]
[White "Gromovs, Sergejs"]
[Black "Drago, Paolo"]
[WhiteElo "2196"]
[BlackElo "1901"]
[Result "1-0"]
[PlyCount "101"]
[EventDate "2014.06.13"]

1. d4 d5 2. c4 e6 3. Nc3 Nf6 4. Nf3 Be7 5. Bf4 O-O 6. e3 Re8 7. Qc2 Nc6 8. a3
Bd6 9. Bg5 h6 10. Bxf6 Qxf6 11. cxd5 exd5 12. Nxd5 Qd8 13. Nc3 Bg4 14. Be2 Bxf3
15. gxf3 Bf8 16. O-O-O a6 17. Rhg1 b5 18. Na4 Na5 19. Qc3 c6 20. Rge1 Rc8 21.
b4 Nb7 22. Nc5 Nxc5 23. dxc5 Qc7 24. f4 Qe7 25. Bf3 Red8 26. Rxd8 Qxd8 27. Rd1
Qh4 28. Qc2 Qf6 29. Rd7 g6 30. Be4 Bg7 31. Qb3 a5 32. bxa5 Ra8 33. Bxc6 Rxa5
34. Rxf7 Qa1+ 35. Kc2 Kh8 36. Rb7 h5 37. Rb8+ Kh7 38. Ra8 Rxa8 39. Bxa8 Qf1 40.
Qd3 Qxf2+ 41. Qd2 Qf1 42. Bd5 Qa1 43. Qb4 Qf1 44. c6 Qe2+ 45. Qd2 Qg4 46. Qd3
Qc8 47. Qxb5 Qd8 48. Qc4 Qc7 49. Be4 Qb6 50. c7 Qb2+ 51. Kd1 1-0

[Event "Open"]
[Site "Vercelli ITA"]
[Date "2014.06.14"]
[Round "2"]
[White "Llupa, Oltjon"]
[Black "Ranieri, Fabrizio"]
[WhiteElo "1944"]
[BlackElo "2282"]
[Result "0-1"]
[PlyCount "124"]
[EventDate "2014.06.13"]

1. d4 d5 2. c4 e6 3. Nc3 c6 4. e3 Nf6 5. Nf3 Nbd7 6. Qc2 Be7 7. b3 O-O 8. Bd3
h6 9. O-O b6 10. Bb2 Bb7 11. Rad1 c5 12. cxd5 Nxd5 13. Nxd5 Bxd5 14. Qe2 Qc7
15. Bb1 Rac8 16. e4 Bb7 17. d5 exd5 18. exd5 Bf6 19. Qd3 g6 20. Bc1 Bg7 21.
Rfe1 Rfe8 22. Rxe8+ Rxe8 23. Qc4 Ne5 24. Nxe5 Qxe5 25. Be3 Qh5 26. Bc2 Rd8 27.
d6 Be5 28. Bf4 Qg4 29. Bg3 Bd4 30. Qf1 h5 31. Bb1 Kg7 32. Bc2 h4 33. h3 Qxg3
34. Rxd4 Qc3 35. Rc4 Qf6 36. Qc1 Rxd6 37. Rf4 Qd8 38. Qb2+ Rd4 39. b4 Kg8 40.
Rg4 Rxg4 41. hxg4 Qd4 42. Qxd4 cxd4 43. f3 Kf8 44. Kf2 Ke7 45. Bd3 g5 46. Bc4
f6 47. Bf1 Kd6 48. Bd3 Ke5 49. g3 h3 50. Bf1 h2 51. Bg2 Kd6 52. Ke2 Ba6+ 53.
Kd2 Bc4 54. Kc2 Bxa2 55. Kd3 Ke5 56. b5 Bb1+ 57. Kc4 d3 58. Kc3 Kd6 59. f4 Kc5
60. Bc6 Bc2 61. Kd2 Bb3 62. Kxd3 Bd5 0-1

[Event "Open"]
[Site "Vercelli ITA"]
[Date "2014.06.14"]
[Round "2"]
[White "Ninov, Nikolai Ivanov"]
[Black "Di Chiara, Mauro"]
[WhiteElo "2436"]
[BlackElo "1986"]
[Result "1-0"]
[PlyCount "57"]
[EventDate "2014.06.13"]

1. e4 d6 2. d4 g6 3. Be3 Bg7 4. Qd2 Nf6 5. f3 c6 6. c4 e5 7. Nc3 Qc7 8. O-O-O
a6 9. dxe5 dxe5 10. Na4 Nbd7 11. c5 O-O 12. Bc4 Re8 13. Nh3 Nf8 14. Nb6 Rb8 15.
Ng5 Be6 16. Nxe6 Nxe6 17. Bxe6 Rxe6 18. g4 Ree8 19. Qd6 Qd8 20. Qxd8 Rbxd8 21.
Rxd8 Rxd8 22. Nc4 Ne8 23. Rd1 Rxd1+ 24. Kxd1 f5 25. gxf5 gxf5 26. exf5 Nc7 27.
Nd6 Nd5 28. Kd2 Ne7 29. Bg5 1-0

[Event "Open"]
[Site "Vercelli ITA"]
[Date "2014.06.14"]
[Round "2"]
[White "Profumo, Alberto"]
[Black "Lucchese, Paolo"]
[WhiteElo "2256"]
[BlackElo "1964"]
[Result "1-0"]
[PlyCount "49"]
[EventDate "2014.06.13"]

1. Nf3 Nf6 2. c4 g6 3. d4 Bg7 4. g3 O-O 5. Bg2 d6 6. O-O Nbd7 7. Nc3 c6 8. d5
cxd5 9. cxd5 Nc5 10. Be3 Nfe4 11. Nxe4 Nxe4 12. Nd4 Nc5 13. Rc1 Bd7 14. b4 Na4
15. Qb3 Rc8 16. Rxc8 Qxc8 17. Rc1 Qb8 18. Nc6 bxc6 19. dxc6 Bxc6 20. Bxc6 Nb6
21. a4 Rc8 22. a5 Na8 23. b5 Nc7 24. b6 d5 25. Bd7 1-0

[Event "Open"]
[Site "Vercelli ITA"]
[Date "2014.06.14"]
[Round "2"]
[White "Raselli, Claudio"]
[Black "Ljubisavljevic, Zivojin Z."]
[WhiteElo "1856"]
[BlackElo "2138"]
[Result "0-1"]
[PlyCount "112"]
[EventDate "2014.06.13"]

1. Nf3 g6 2. c4 Bg7 3. Nc3 c5 4. g3 Nc6 5. Bg2 e5 6. O-O d6 7. d3 Nge7 8. Rb1
O-O 9. a3 a5 10. Ne1 h6 11. Nc2 f5 12. b4 axb4 13. axb4 e4 14. Bd2 exd3 15.
exd3 f4 16. Nd5 fxg3 17. hxg3 Nxd5 18. Bxd5+ Kh7 19. bxc5 dxc5 20. Be3 Nd4 21.
Bxd4 cxd4 22. Bxb7 Bxb7 23. Rxb7 h5 24. Nb4 Qg5 25. Re1 Rae8 26. Rxe8 Rxe8 27.
Nd5 Qf5 28. Kg2 Rf8 29. Qe2 Kh8 30. f4 Ra8 31. Re7 Ra3 32. Re8+ Kh7 33. Re4 Qg4
34. Qxg4 hxg4 35. Nb4 Rb3 36. Nc6 Rxd3 37. Ne5 Rd2+ 38. Kf1 g5 39. fxg5 Rc2 40.
g6+ Kh6 41. Nxg4+ Kxg6 42. Re8 Kf5 43. Nf2 Rxc4 44. Nd3 Rc2 45. Ne1 Ra2 46. Re2
Ra3 47. Kg2 Rc3 48. Rf2+ Ke4 49. Re2+ Kd5 50. Re8 Be5 51. Nf3 Bd6 52. Re2 d3
53. Rd2 Rc2 54. Kf2 Bc5+ 55. Kf1 Ke4 56. Rxc2 dxc2 0-1

[Event "Open"]
[Site "Vercelli ITA"]
[Date "2014.06.14"]
[Round "2"]
[White "Ronzano, Luca"]
[Black "Sbarra, Marco"]
[WhiteElo "1899"]
[BlackElo "2241"]
[Result "1-0"]
[PlyCount "103"]
[EventDate "2014.06.13"]

1. d4 Nf6 2. Bg5 d5 3. Nc3 Bf5 4. e3 Nbd7 5. Bd3 Bg6 6. Nge2 c6 7. O-O e6 8.
Nf4 Bd6 9. Nce2 e5 10. Nxg6 hxg6 11. dxe5 Nxe5 12. h3 Rxh3 13. gxh3 Nf3+ 14.
Kg2 Nxg5 15. f4 Ne6 16. c3 Qe7 17. Qd2 O-O-O 18. b4 Kb8 19. a4 Re8 20. Rae1 Rh8
21. Rf3 g5 22. Rh1 g6 23. Nd4 Ng7 24. b5 c5 25. Ne2 g4 26. hxg4 Rxh1 27. Kxh1
Nxg4 28. Ng3 f5 29. Bf1 Ne8 30. Bh3 Ngf6 31. Bg2 Nc7 32. Rf1 Ng4 33. Rf3 c4 34.
Bh3 Bc5 35. Nf1 Nf6 36. Ng3 Qh7 37. Kg2 Qe7 38. Kf1 Nce8 39. Bg2 Ng4 40. Ke2
Nh2 41. Rf2 Ng4 42. Rf3 Nc7 43. Nf1 Qg7 44. Rh3 Nf6 45. Ng3 Bb6 46. Kd1 Kc8 47.
Ne2 Kd7 48. Nd4 Ke8 49. Qe1 Kf8 50. Nf3 Ng4 51. Ng5 Qe7 52. Rh8+ 1-0

[Event "Open"]
[Site "Vercelli ITA"]
[Date "2014.06.14"]
[Round "2"]
[White "Siclari, Giovanni"]
[Black "Caldi, Mario"]
[WhiteElo "2137"]
[BlackElo "1858"]
[Result "1-0"]
[PlyCount "105"]
[EventDate "2014.06.13"]

1. Nf3 Nf6 2. c4 g6 3. Nc3 Bg7 4. e4 d6 5. d4 O-O 6. Be2 e5 7. O-O Nc6 8. d5
Ne7 9. b4 Nd7 10. c5 f5 11. Ng5 Nf6 12. Bf3 fxe4 13. Ncxe4 Nxe4 14. Bxe4 Nf5
15. Qd3 Qe7 16. Rb1 Kh8 17. Qh3 Bf6 18. Ne6 Nd4 19. Bh6 Nxe6 20. dxe6 Rg8 21.
cxd6 cxd6 22. Qf3 Rb8 23. Rfd1 Bxe6 24. Rxd6 Bg7 25. Bxg7+ Rxg7 26. Rbd1 Rf7
27. Qe3 b6 28. Bxg6 Rg7 29. Qxe5 Bxa2 30. Qxe7 Rxe7 31. Bc2 Rbe8 32. h3 Kg7 33.
R1d4 Re1+ 34. Kh2 R1e7 35. Rg4+ Kh8 36. f4 Rg8 37. Rxg8+ Kxg8 38. Rd4 Rc7 39.
Be4 Bf7 40. b5 Rc5 41. Bc6 Be6 42. Ra4 Bd5 43. Rxa7 Bxc6 44. bxc6 Rxc6 45. Rb7
h6 46. g4 Rc2+ 47. Kg3 Rb2 48. Kh4 b5 49. Kh5 b4 50. Kxh6 b3 51. f5 Rb1 52. Kg6
Kf8 53. f6 1-0

[Event "Open"]
[Site "Vercelli ITA"]
[Date "2014.06.14"]
[Round "2"]
[White "Yao, Stefano"]
[Black "Nastro, Federico"]
[WhiteElo "2152"]
[BlackElo "1897"]
[Result "1-0"]
[PlyCount "67"]
[EventDate "2014.06.13"]

1. c4 Nf6 2. Nf3 g6 3. g3 Bg7 4. Bg2 c5 5. O-O O-O 6. Nc3 Nc6 7. d4 cxd4 8.
Nxd4 Nxd4 9. Qxd4 a6 10. c5 d6 11. cxd6 Ne8 12. Qh4 Nxd6 13. Rd1 Qd7 14. Bg5
Nf5 15. Qc4 Qe8 16. Qc7 h6 17. Bc1 Nd4 18. Rxd4 Bxd4 19. Bxh6 Bg7 20. Bxg7 Kxg7
21. Nd5 Qd8 22. Qc3+ Kg8 23. Rd1 Qd6 24. Qe3 Qe6 25. Nxe7+ Kh7 26. Qg5 Qg4 27.
Qf6 Qe6 28. Qh4+ Kg7 29. Nd5 Qg4 30. Qf6+ Kg8 31. Rd4 Re8 32. Ne7+ Kf8 33. Rxg4
Bxg4 34. Nxg6+ 1-0

[Event "Open"]
[Site "Vercelli ITA"]
[Date "2014.06.14"]
[Round "3"]
[White "Bardone, Lorenzo"]
[Black "Yao, Stefano"]
[WhiteElo "2017"]
[BlackElo "2152"]
[Result "0-1"]
[PlyCount "96"]
[EventDate "2014.06.13"]

1. e4 c5 2. Nf3 e6 3. d3 Nc6 4. g3 d5 5. Nbd2 g6 6. Bg2 Bg7 7. O-O Nge7 8. Re1
b6 9. exd5 Nxd5 10. Nc4 O-O 11. Nfe5 Nce7 12. a4 Rb8 13. Bd2 Bd7 14. Qc1 Nf5
15. Nxd7 Qxd7 16. Ne5 Qc7 17. Ng4 h5 18. Nh6+ Nxh6 19. Bxh6 Nb4 20. Bxg7 Kxg7
21. Re4 Rbd8 22. Qd2 Qe7 23. h4 Qf6 24. Qc3 Rd4 25. Qb3 Nc6 26. Rae1 Rxe4 27.
Rxe4 Nd4 28. Qc3 Rd8 29. Kf1 e5 30. Qc4 Nf5 31. Kg1 Nd6 32. Qa6 Nxe4 33. Bxe4
Qe7 34. a5 Rd6 35. Qc8 Qd7 36. Qxd7 Rxd7 37. a6 f5 38. Bb7 c4 39. dxc4 Rd2 40.
b4 Rxc2 41. Bd5 Rb2 42. b5 Kf6 43. Kg2 Rd2 44. Bg8 Rd8 45. Bd5 Rxd5 46. cxd5
Ke7 47. f3 Kd6 48. g4 Kxd5 0-1

[Event "Open"]
[Site "Vercelli ITA"]
[Date "2014.06.14"]
[Round "3"]
[White "Borin, Fabio"]
[Black "Ninov, Nikolai Ivanov"]
[WhiteElo "2104"]
[BlackElo "2436"]
[Result "0-1"]
[PlyCount "44"]
[EventDate "2014.06.13"]

1. d4 Nf6 2. Nf3 b5 3. Bf4 Bb7 4. Nbd2 d6 5. e4 a6 6. Bd3 Nbd7 7. a4 c6 8. c4
bxc4 9. Nxc4 g6 10. O-O d5 11. exd5 cxd5 12. Qb3 dxc4 13. Bxc4 Qb6 14. Bxf7+
Kd8 15. Qa2 Bxf3 16. gxf3 Nh5 17. Be5 Bg7 18. a5 Qb5 19. f4 Bxe5 20. fxe5 Nf4
21. Rad1 Rc8 22. Rd2 Qxf1+ 0-1

[Event "Open"]
[Site "Vercelli ITA"]
[Date "2014.06.14"]
[Round "3"]
[White "Di Chiara, Mauro"]
[Black "Onida, Davide"]
[WhiteElo "1986"]
[BlackElo "1778"]
[Result "1-0"]
[PlyCount "127"]
[EventDate "2014.06.13"]

1. Nf3 c6 2. e4 Qc7 3. c4 d6 4. Nc3 Bg4 5. Be2 e5 6. d4 Nd7 7. Be3 Ngf6 8. O-O
a6 9. Qd2 Be7 10. h3 Bh5 11. dxe5 dxe5 12. Qc2 Rc8 13. Nh4 Bxe2 14. Nxe2 g6 15.
Rad1 Nc5 16. Ng3 Ne6 17. Nf3 O-O 18. Bd2 Nd7 19. Bc3 Bf6 20. b3 Rfe8 21. Qb2
Nf4 22. Ne2 Nxe2+ 23. Qxe2 Nf8 24. c5 Ne6 25. b4 Nf4 26. Qc2 Bg7 27. Rd6 Re7
28. Rfd1 Rce8 29. Kh2 Qc8 30. R1d2 h6 31. Qd1 Kh7 32. Rd7 f6 33. Rxe7 Rxe7 34.
Rd8 Qe6 35. Qd6 f5 36. exf5 gxf5 37. Qxe6 Nxe6 38. Rd6 e4 39. Bxg7 Nxg7 40. Nd4
f4 41. Kg1 Ne8 42. Rxh6+ Kxh6 43. Nf5+ Kg6 44. Nxe7+ Kf6 45. Nc8 Ke5 46. Kf1
Nf6 47. Nd6 Nd5 48. a3 Nc3 49. Nxb7 Nb1 50. Na5 Nxa3 51. Nxc6+ Kd5 52. Nb8 a5
53. c6 Kd6 54. bxa5 Kc7 55. Na6+ Kxc6 56. Nb4+ Kd6 57. a6 Nb5 58. h4 Kc7 59.
Nd5+ Kb8 60. h5 Nd6 61. h6 Ka7 62. h7 Nf7 63. Nxf4 Nh8 64. g4 1-0

[Event "Open"]
[Site "Vercelli ITA"]
[Date "2014.06.14"]
[Round "3"]
[White "Faraoni, Enrico"]
[Black "Gromovs, Sergejs"]
[WhiteElo "2087"]
[BlackElo "2196"]
[Result "0-1"]
[PlyCount "64"]
[EventDate "2014.06.13"]

1. e4 c5 2. Nf3 d6 3. d4 cxd4 4. Nxd4 Nf6 5. Nc3 a6 6. Rg1 e5 7. Nb3 Be6 8. g4
h6 9. h4 Nc6 10. g5 hxg5 11. hxg5 Nd7 12. Be3 Nc5 13. Qd2 Rh4 14. O-O-O Nxe4
15. Nxe4 Rxe4 16. Bg2 Ra4 17. Kb1 Qc7 18. g6 f6 19. Bd5 Bxd5 20. Qxd5 O-O-O 21.
c3 Kb8 22. Rh1 Rg4 23. Rh8 Rxg6 24. Qe4 Qf7 25. f4 f5 26. Qh1 Be7 27. fxe5 dxe5
28. Bc5 Rxh8 29. Qxh8+ Kc7 30. Qa8 f4 31. Rh1 Qd5 32. Rh8 Bxc5 0-1

[Event "Open"]
[Site "Vercelli ITA"]
[Date "2014.06.14"]
[Round "3"]
[White "Ljubisavljevic, Zivojin Z."]
[Black "Favoni, Matteo"]
[WhiteElo "2138"]
[BlackElo "2004"]
[Result "0-1"]
[PlyCount "72"]
[EventDate "2014.06.13"]

1. e4 c5 2. f4 d5 3. e5 Nc6 4. Bb5 Qb6 5. Bxc6+ Qxc6 6. Nf3 Bf5 7. d3 e6 8. O-O
Be7 9. Nc3 h5 10. Ne2 h4 11. h3 Bg6 12. Be3 Nh6 13. Bf2 Nf5 14. c3 Bh5 15. d4
c4 16. b3 Rg8 17. Kh2 O-O-O 18. Qd2 Bxf3 19. gxf3 g5 20. fxg5 Rxg5 21. Rg1 Rdg8
22. Rg4 Qb5 23. b4 Qa4 24. Rag1 R5g6 25. Nf4 Bg5 26. Rxg5 Rxg5 27. Rxg5 Rxg5
28. Nxd5 Rg3 29. Ne3 Nxe3 30. Qxe3 Qxa2 31. d5 b6 32. d6 Kd7 33. b5 Qc2 34. Kh1
Qd1+ 35. Kh2 Rxf3 36. Qd4 Qf1 0-1